000
00330pam a2200157a 44500
008
230515b1933 xxu||||| |||| 00| 0 eng d
020
_a
NULL
041
_a
SANSKRIT
082
_a
1
100
_a
YADAV
245
_a
CARAK SAMHITA
250
_a
3
260
_a
SANGAI
_b
N.D.
_c
1933
300
_a
100
650
_a
CARAK SAMHITA
999
_c
496933
_d
496933